MDQL
is popping MORE tags! Check the
thread
!
Quizzes
Events
Quiz Creation
Community
Videos
Private Events
Remove Ads
Sign In
Join for FREE
Feedback
Dark Mode
Quiz Categories
Sports
Geography
Music
Movies
Television
Just For Fun
Miscellaneous
History
Literature
Language
Science
Gaming
Entertainment
Religion
Holiday
For Kids
Quiz Lab
Recent
Popular Today
Quiz Kudos Today
Editor Picks
Curator Picks
Quizzes by...
Day
Popularity
Type
Ratings
Length
Year
Community
Subscriptions
Recent Discussions
Orange Saloon
Badges
Playlists
Quests
Create
Leaderboards
Showdown
Live 5
Trivia Bingo
Activity
Puzzle Library
Sporcle Events
Private Events
Virtual Trivia
Globe League
Become a Host
Pub Owners
SporcleCon
Opinionation
Our Games
Videos
Blog
Mobile Apps
Partnerships
Remove Ads and Go Orange
Feedback
Sports
Athletes
MLB
NBA
NHL
NFL
Soccer
Sports Teams
WWE
NCAA
Football
Premier League
Basketball
Baseball
Hockey
Golf
Tennis
Cricket
Rugby
Auto Racing
Olympics
World Cup
Sports
Athletes
MLB
NBA
NHL
NFL
Soccer
Sports Teams
WWE
NCAA
Football
Premier League
Basketball
Baseball
Hockey
Golf
Tennis
Cricket
Rugby
Auto Racing
Olympics
World Cup
Random Quiz
Search Sporcle
×
Quiz Lab
Quiz Lab
Sports
Hockey
Type in answers that appear in a list
Type in answers that appear in a list
Classic
Best Score? Go Orange.
Minnesota High School Hockey State Chanpions Stats
Can you name the Minnesota High School Hockey State Chanpions?
By
MDC1
10m
105 Questions
316 Plays
316 Plays
316 Plays
Comments
Comments
Give Quiz Kudos
Give Quiz Kudos
-
- Ratings
hide this ad
Replay
Link that replays current quiz
Next Quiz
Link to next quiz in quiz playlist
You Got
0%
They Got
Avg Score
77%
Avg Friend Score
Upgrade to see
Score Distribution
Jump to the score distribution portion of the page
Score
0/105
Timer
10:00
0
Plays Today
Year
School
% Correct
1969
Edina
96.8%
1971
Edina
96.8%
1982
Edina
96.8%
1984
Edina
96.8%
1988
Edina
96.8%
1997 Class AA
Edina
96.8%
2010 Class AA
Edina
96.8%
2013 Class AA
Edina
96.8%
2014 Class AA
Edina
96.8%
2019 Class AA
Edina
95.1%
2009 Class AA
Eden Prairie
89.9%
2011 Class AA
Eden Prairie
89.9%
2017 Class A
Hermantown
89.5%
2016 Class A
Hermantown
88.1%
1960
Duluth East
87.7%
1995 Class AA
Duluth East
87.7%
1998 Class AA
Duluth East
87.7%
2007 Class A
Hermantown
87%
2006 Class A
St. Thomas
86.4%
2008 Class A
St. Thomas
86.4%
2011 Class A
St. Thomas
86.4%
2012 Class A
St. Thomas
86.4%
2013 Class A
St. Thomas
86.4%
2018 Class AA
Minnetonka
84.7%
1946
Roseau
84.5%
1958
Roseau
84.5%
1959
Roseau
84.5%
1961
Roseau
84.5%
1981
Bloomington Jefferson
84.5%
1989
Bloomington Jefferson
84.5%
1990
Roseau
84.5%
1992 Tier I
Bloomington Jefferson
84.5%
1993 Tier I
Bloomington Jefferson
84.5%
1994 Class AA
Bloomington Jefferson
84.5%
1999 Class AA
Roseau
84.5%
Year
School
% Correct
2007 Class AA
Roseau
84.5%
1945
Eveleth
83.9%
1948
Eveleth
83.9%
1949
Eveleth
83.9%
1950
Eveleth
83.9%
1951
Eveleth
83.9%
1993 Tier II
Eveleth
83.9%
1998 Class A
Eveleth
83.9%
1994 Class A
Warroad
83.5%
1996 Class A
Warroad
83.5%
2003 Class A
Warroad
83.5%
2005 Class A
Warroad
83.5%
2017 Class AA
Grand Rapids
83.5%
1975
Grand Rapids
82.6%
1976
Grand Rapids
82.6%
1980
Grand Rapids
82.6%
2000 Class A
Breck
82.6%
2004 Class A
Breck
82.6%
2009 Class A
Breck
82.6%
2010 Class A
Breck
82.6%
2015 Class AA
Lakeville North
82.3%
1983
Hill Murray
81.3%
1991
Hill Murray
81.3%
2008 Class AA
Hill Murray
81.3%
2016 Class AA
Wayzata
81.3%
1985
Burnsville
80.7%
1986
Burnsville
80.7%
1957
International Falls
80.1%
1962
International Falls
80.1%
1964
International Falls
80.1%
1965
International Falls
80.1%
1966
International Falls
80.1%
1972
International Falls
80.1%
1995 Class A
International Falls
80.1%
2014 Class A
East Grand Forks
80.1%
Year
School
% Correct
2015 Class A
East Grand Forks
80.1%
1952
Hibbing
78.5%
1973
Hibbing
78.5%
2000 Class AA
Blaine
77.5%
1999 Class A
Benilde St. Margaret's
75.9%
2001 Class A
Benilde St. Margaret's
75.9%
2012 Class AA
Benilde St. Margaret's
75.9%
2003 Class AA
Anoka
75%
1947
St. Paul Johnson
74.7%
1953
St. Paul Johnson
74.7%
1955
St. Paul Johnson
74.7%
1963
St. Paul Johnson
74.7%
1996 Class AA
Apple Valley
73.1%
1987
Bloomington Kennedy
72.5%
2019 Class A
St. Cloud Cathedral
72.4%
2020 Class AA
Hill Murray
72.2%
1974
Edina East
72.2%
1978
Edina East
72.2%
1979
Edina East
72.2%
2002 Class AA
Holy Angels
71.5%
2005 Class AA
Holy Angels
71.5%
2018 Class A
Orono
70.6%
1967
Greenway
70.3%
1968
Greenway
70.3%
1970
Minneapolis Southwest
70.3%
1992 Tier II
Greenway
70.3%
2004 Class AA
Centennial
69.3%
1954
Thief River Falls
69%
1956
Thief River Falls
69%
2001 Class AA
Elk River
69%
1977
Rochester John Marshall
68.4%
2006 Class AA
Cretin Derham Hall
67.4%
1997 Class A
Red Wing
65.2%
2020 Class A
Mahtomedi
64.8%
2002 Class A
Totino Grace
63.6%
Quiz Playlist
Details
Report
Send in Message
Add To Playlist
Classic:
Type in answers that appear in a list
Last Updated: Mar 10, 2019
Quiz Scoreboard
CHALLENGE
Sign Up to Join the Scoreboard
Show All
Scores
Hide
Comments
May contain spoilers
Recently Published
Street Fighter Characters
by Artimus82
Gaming
60s
9x9 Crossword: Cartoon Network
by jackfrog10
Miscellaneous
3m
College Basketball Coaching Resumes
by pancakes188
Sports
9m
More to Explore
Quiz From the Vault
Featured Blog Post
Where Did the Easter Bunny Come From?
hide this ad
You Might Also Like...
Tags
Hockey Quiz
State Quiz
champion
minnesota
Minnesota High
school
Today's Top Quizzes in Sports
Browse Sports
hide this ad
Today's Top Quizzes in Hockey
Browse Hockey
Top Contributed Quizzes in Sports
1
2022 World Cup Stars
2
Les meilleurs buteurs des matchs entre le PSG et l’OM
3
FIFA Club World Cup Champions
4
Les entraîneurs de l'OM et du PSG au 21e siècle
5
Criteria MLB: Left Handed Sluggers
6
2023 MLB Unique Player Accomplishments
7
AFC Teams Reveal (Wrong Answers Minefield)
8
5-to-1: FBS Animal Nicknames
9
Players with Multiple 50 Home Run Seasons
10
5-to-1: UK Sports Teams
Explore More
Trending Topics
Disney
Kpop
Crossword
Harry Potter
Marvel
Anime
NBA
The Office
Song
WWE
Puzzle
Pokémon
NFL
Country
Soccer
hide this ad
More By:
MDC1
Quiz
Plays
Rating
Category
Featured
Created
Minnesota High School Hockey State Chanpions
316
5.00
Sports
Mar 9, 2015
Go to Creator's Profile
Score Distribution
Quiz Creator Spotlight
MDC1
Follow
Send a Message
Quizzes Created
-
Created Quiz Play Count
-
More By This Creator
Popular Quizzes Today
1
Find the US States - No Outlines Minefield
2
Find the Countries of Europe - No Outlines Minefield
3
The Countries of the World
4
Find the US States
5
Risky Map Clicking: Biggest States A-Z
6
US States
7
Popular People in 1961
8
Movies - When Are They Set?
More Sports Quizzes
Hall of Fame WS Match-ups
Curator's Pick
Trending Quizzes
Risky Map Clicking: Least Populous States A-Z
Countries of the World: 200 Million BC
Billboard Blitz: Aretha Franklin
1-10 Letter G Words
Famous Russians: Author or Composer?
Recently Updated
Leaping Animals
pecheneg
Reality TV Shows (A-Z)
bhenderson79
Rickey Henderson's Hall of Fame Teammates
pecheneg
Champions League XIs: Arsenal
pecheneg
Quick Pick: Celebrities in WWE's Hall of Fame
aduchscher
A-Z Keypad Blitz II
pecheneg
Multiple Oscar Actors
pecheneg
Mystery Phrase Blitz: Oscar 'Best Actors'
pecheneg
F. Scott Fitzgerald Novels
LTH
Pick 3 Villains
ddd62291
Trending Topics
Disney
Harry Potter
Crossword
Marvel
Anime
Kpop
NBA
Soccer
Country
Pokémon
Song
WWE
Puzzle
NFL
The Office
Your Account Isn't Verified!
In order to create a playlist on Sporcle, you need to verify the email address you used during registration. Go to your
Sporcle Settings
to finish the process.
Report this User
Report this user for behavior that violates our
Community Guidelines
.
Details:
Send Report
Go to the Sporcle.com Mobile Site →
Comments